000 00620nam a22002057a 4500
008 151124b xxu||||| |||| 00| 0 eng d
020 _a9780321492029
020 _a0321492021
041 0 _aeng
080 _a004.415
100 1 _aFaulkner, Andrew.
245 1 0 _aAdobe Photoshop CS3 /
_c[authors, Andrew Faulkner and Judy Walthers von Alten].
260 _aSan Jose, Calif. :
_bAdobePress,
_c2007.
300 _axii, 478 f. :
_bme il.;
_c23 cm.
490 0 _aClassroom in a book
650 0 _aAdobe Photoshop
650 0 _aFotografi
_xTeknikat digjitale
700 1 _aWalthers von Alten, Judith.
942 _2udc
_cBK
999 _c1384
_d1384